Interpretačná hodnota charakteristických vlastností rôznych metód Value at Risk

Charakter rôznych metód a ich obmedzenia a možné riešenia týchto obmedzení.

Gespeichert in:
Bibliographische Detailangaben
1. Verfasser: Šorf, Martin
Format: Buchkapitel
Sprache:Slowakisch
Schlagworte:
Tags: Tag hinzufügen
Keine Tags, Fügen Sie das erste Tag hinzu!

MARC

LEADER 00000nla a2200000 4500
001 0242118
005 20260205071150.0
041 0 |a slo 
044 |a SK 
245 1 0 |a Interpretačná hodnota charakteristických vlastností rôznych metód Value at Risk  |c Martin Šorf 
520 |a Charakter rôznych metód a ich obmedzenia a možné riešenia týchto obmedzení. 
610 2 0 |a metóda Value at Risk 
610 2 0 |a metóda Monte Carlo 
610 2 0 |a riziko 
610 2 0 |a portfólio 
610 2 0 |a volatilita 
100 1 |a Šorf, Martin